000 004420000a22001090004500
090 _aAS
_bSeriadas
245 1 0 _aFour osteological synapomorphies within Eleutherodactylus (<Amphibia: Leptodactylidae>) and their bearing on subgeneric classifications
041 0 _aEspaƱol
100 1 _aLynch, John D.
_992907
942 _cARTICULO
773 1 _tRevista de la Academia Colombiana de Ciencias Exactas, Fisicas y Naturales
_332
_h94
_q127-136
_d2001
_g25
999 _c14181
_d14181